|
|
|
|
| LEADER |
00000nam0a2200000 4500 |
| 001 |
268885 |
| 005 |
20231101234215.0 |
| 035 |
|
|
|a (RuTPU)RU\TPU\book\292041
|
| 035 |
|
|
|a RU\TPU\book\292038
|
| 090 |
|
|
|a 268885
|
| 100 |
|
|
|a 20140910d1904 k y0rusy50 ca
|
| 101 |
0 |
|
|a rus
|
| 102 |
|
|
|a RU
|
| 105 |
|
|
|a y z 000zy
|
| 200 |
1 |
|
|a 1. О превращениях амидов а-галоидозамещенных кислот при действии брома и едкой щелочи
|f Н. М. Кижнер
|a 2. О циклобутаноне
|e [оттиск статей]
|f Н. М. Кижнер
|
| 210 |
|
|
|a Санкт-Петербург
|c Типография В. Демакова
|d 1904
|
| 215 |
|
|
|a 7 с.
|
| 225 |
1 |
|
|a Из лаборатории органической химии Томского Технологического Института
|
| 300 |
|
|
|a Текст в русской дореформенной орфографии
|
| 316 |
|
|
|5 63413507: 26//288
|a На с. 1 дарственная надпись: "Многоуважаемому Ефиму Лукьяновичу Зубашеву от автора"
|
| 317 |
|
|
|5 63413507: 26//288
|a Поступил в НТБ в 1914 г. в дар от первого директора ТТИ профессора Е. Л. Зубашева
|
| 606 |
1 |
|
|a Органическая химия
|2 stltpush
|3 (RuTPU)RU\TPU\subj\47309
|9 66362
|
| 610 |
1 |
|
|a труды учёных ТПУ
|
| 610 |
1 |
|
|a Коллекция ТПУ
|
| 610 |
1 |
|
|a оттиски
|
| 610 |
1 |
|
|a химические соединения
|
| 610 |
1 |
|
|a химические связи
|
| 610 |
1 |
|
|a циклобутанон
|
| 610 |
1 |
|
|a Коллекция Е. Л. Зубашева
|
| 610 |
1 |
|
|a дары библиотеке
|
| 610 |
1 |
|
|a дары автора
|
| 610 |
1 |
|
|a дарственные надписи
|
| 675 |
|
|
|a 547
|v 4
|
| 700 |
|
1 |
|a Кижнер
|b Н. М.
|c российский химик-органик
|c почетный член АН СССР (1934)
|c профессор Томского технологического института (1901-1913)
|f 1867-1935
|g Николай Матвеевич
|2 stltpush
|3 (RuTPU)RU\TPU\pers\19079
|
| 801 |
|
1 |
|a RU
|b 63413507
|c 20140910
|
| 801 |
|
2 |
|a RU
|b 63413507
|c 20210702
|g RCR
|
| 942 |
|
|
|c BK
|